Генерирование коротких мощных СВЧ-импульсов в режиме пространственного накопления электромагнитной энергии; Вопросы атомной науки и техники. Серия: Плазменная электроника и новые методы ускорения; № 4

Detalhes bibliográficos
Parent link:Вопросы атомной науки и техники. Серия: Плазменная электроника и новые методы ускорения
№ 4.— 2003.— [С. 20-25]
Outros Autores: Ельчанинов А. А. Антон Александрович, Коровин С. Д. Сергей Дмитриевич, Пегель И. В. Игорь Валериевич, Ростов В. В. Владислав Владимирович
Resumo:Заглавие с экрана
В теории и эксперименте исследована возможность генерирования коротких, в несколько ВЧ-периодов, мощных СВЧ–импульсов в протяженных неоднородных замедляющих системах типа ЛОВ в режиме пространственного накопления электромагнитной энергии. Показано, что мощность формируемого СВЧ–импульса не ограничена мощностью электронного пучка. В эксперименте с использованием малогабаритного сильноточного электронного ускорителя СИНУС–200 получены СВЧ–импульсы длительностью 0.6…0.7 нс с пиковой мощностью ~3 ГВт, при коэффициенте преобразования по мощности 150…180% и КПД по энергии ~15%.
Режим доступа: по договору с организацией-держателем ресурса
Idioma:russo
Publicado em: 2003
Assuntos:
Acesso em linha:http://vant.kipt.kharkov.ua/TABFRAME_themes.html
Formato: MixedMaterials Recurso Electrónico Capítulo de Livro
KOHA link:https://koha.lib.tpu.ru/cgi-bin/koha/opac-detail.pl?biblionumber=654272

MARC

LEADER 00000naa0a2200000 4500
001 654272
005 20250311152917.0
035 |a (RuTPU)RU\TPU\network\19854 
090 |a 654272 
100 |a 20170421d2003 k||y0rusy50 ca 
101 0 |a rus 
102 |a UA 
135 |a drcn ---uucaa 
181 0 |a i  
182 0 |a b 
200 1 |a Генерирование коротких мощных СВЧ-импульсов в режиме пространственного накопления электромагнитной энергии  |f А. А. Ельчанинов [и др.] 
203 |a Текст  |c электронный 
300 |a Заглавие с экрана 
320 |a [Библиогр.: 12 назв.] 
330 |a В теории и эксперименте исследована возможность генерирования коротких, в несколько ВЧ-периодов, мощных СВЧ–импульсов в протяженных неоднородных замедляющих системах типа ЛОВ в режиме пространственного накопления электромагнитной энергии. Показано, что мощность формируемого СВЧ–импульса не ограничена мощностью электронного пучка. В эксперименте с использованием малогабаритного сильноточного электронного ускорителя СИНУС–200 получены СВЧ–импульсы длительностью 0.6…0.7 нс с пиковой мощностью ~3 ГВт, при коэффициенте преобразования по мощности 150…180% и КПД по энергии ~15%. 
333 |a Режим доступа: по договору с организацией-держателем ресурса 
461 |t Вопросы атомной науки и техники. Серия: Плазменная электроника и новые методы ускорения 
463 |t № 4  |v [С. 20-25]  |d 2003 
610 1 |a электронный ресурс 
610 1 |a труды учёных ТПУ 
701 1 |a Ельчанинов  |b А. А.  |g Антон Александрович 
701 1 |a Коровин  |b С. Д.  |g Сергей Дмитриевич 
701 1 |a Пегель  |b И. В.  |c специалист в области автоматики и электроники  |c профессор Томского политехнического университета, доктор физико-математических наук  |f 1964-  |g Игорь Валериевич  |3 (RuTPU)RU\TPU\pers\29394 
701 1 |a Ростов  |b В. В.  |g Владислав Владимирович 
801 2 |a RU  |b 63413507  |c 20170421  |g RCR 
856 4 |u http://vant.kipt.kharkov.ua/TABFRAME_themes.html 
942 |c CF